| 000 -LEADER | |
|---|---|
| fixed length control field | 00418nam a22001697a 4500 |
| 005 - DATE AND TIME OF LATEST TRANSACTION | |
| control field | 20210831115233.0 |
| 008 - FIXED-LENGTH DATA ELEMENTS--GENERAL INFORMATION | |
| fixed length control field | 160526b xxu||||| |||| 00| 0 eng d |
| 020 ## - INTERNATIONAL STANDARD BOOK NUMBER | |
| ISBN | 978-81-7733-537-0 |
| 041 ## - LANGUAGE CODE | |
| Language code of text/sound track or separate title | eng |
| 082 ## - DEWEY DECIMAL CLASSIFICATION NUMBER | |
| Item number | 5054 |
| Classification number | 346.066 |
| 100 ## - MAIN ENTRY--AUTHOR NAME | |
| Personal name | Putiani, Ravi, & Mahesh |
| 245 ## - TITLE STATEMENT | |
| Title | Companies Act. |
| 260 ## - PUBLICATION, DISTRIBUTION, ETC. (IMPRINT) | |
| Place of publication | New Delhi |
| Name of publisher | Academic Faundation |
| 300 ## - PHYSICAL DESCRIPTION | |
| Number of Pages | 11.246 |
| 650 ## - SUBJECT ADDED ENTRY--TOPICAL TERM | |
| Topical Term | Management |
| 942 ## - ADDED ENTRY ELEMENTS (KOHA) | |
| Koha item type | Books |
| Lost status | Damaged status | Collection code | Home library | Current library | Shelving location | Date acquired | Cost, normal purchase price | Full call number | Accession Number | Koha item type | Source of acquisition |
|---|---|---|---|---|---|---|---|---|---|---|---|
| LAW | JRU Library | JRU Library | SHELF-29-D | 26/05/2016 | 325.00 | 346.066 | 5054 | Books | |||
| LAW | JRU Library | JRU Library | SHELF-29-D | 26/05/2016 | 325.00 | 346.066 | 5055 | Books | |||
| Reference | JRU Library | JRU Library | SHELF-1-C | 26/05/2016 | 325.00 | 346.066 | 5056 | Books | PURCHASE |